The Orientalist : (Record no. 1271)

000 -LEADER
fixed length control field 01504nam a22003857a 4500
001 - CONTROL NUMBER
control field 13612865
003 - CONTROL NUMBER IDENTIFIER
control field OSt
005 - DATE AND TIME OF LATEST TRANSACTION
control field 20210426101034.0
008 - FIXED-LENGTH DATA ELEMENTS--GENERAL INFORMATION
fixed length control field 040603s2005 nyua b 001 0beng
010 ## - LIBRARY OF CONGRESS CONTROL NUMBER
LC control number 2004050928
020 ## - INTERNATIONAL STANDARD BOOK NUMBER
International Standard Book Number 1400062659 (alk. paper)
040 ## - CATALOGING SOURCE
Original cataloging agency DLC
Transcribing agency DLC
Modifying agency DLC
Language of cataloging eng
041 ## - LANGUAGE CODE
Language code of text/sound track or separate title eng
042 ## - AUTHENTICATION CODE
Authentication code pcc
050 00 - LIBRARY OF CONGRESS CALL NUMBER
Classification number PT2637.A433
Item number Z87 2005
080 ## - UNIVERSAL DECIMAL CLASSIFICATION NUMBER
Universal Decimal Classification number 92
Item number R-39
082 00 - DEWEY DECIMAL CLASSIFICATION NUMBER
Classification number 833/.912
Edition number 22
100 1# - MAIN ENTRY--PERSONAL NAME
Personal name Reiss, Tom.
245 14 - TITLE STATEMENT
Title The Orientalist :
Remainder of title solving the mystery of a strange and a dangerous life /
Statement of responsibility, etc. / by: Random House
250 ## - EDITION STATEMENT
Edition statement 1st edition
260 ## - PUBLICATION, DISTRIBUTION, ETC.
Place of publication, distribution, etc. New York
Name of publisher, distributor, etc. Random House
Date of publication, distribution, etc. c2005.
300 ## - PHYSICAL DESCRIPTION
Extent xxvii, 433 p.
Other physical details ill.
Dimensions 24 cm.
365 ## - TRADE PRICE
Price amount 25.95 usd
504 ## - BIBLIOGRAPHY, ETC. NOTE
Bibliography, etc. note Includes bibliographical references (p. [385]-411) and index.
600 10 - SUBJECT ADDED ENTRY--PERSONAL NAME
Personal name Said, Kurban,
Dates associated with a name 1905-1942.
650 #0 - SUBJECT ADDED ENTRY--TOPICAL TERM
Topical term or geographic name entry element Authors, German
Chronological subdivision 20th century
Form subdivision Biography.
650 #0 - SUBJECT ADDED ENTRY--TOPICAL TERM
Topical term or geographic name entry element Biography
9 (RLIN) 237
653 ## - INDEX TERM--UNCONTROLLED
Uncontrolled term ბიოგრაფია
856 42 - ELECTRONIC LOCATION AND ACCESS
Materials specified Contributor biographical information
Uniform Resource Identifier <a href="http://www.loc.gov/catdir/bios/random051/2004050928.html">http://www.loc.gov/catdir/bios/random051/2004050928.html</a>
856 41 - ELECTRONIC LOCATION AND ACCESS
Materials specified Sample text
Uniform Resource Identifier <a href="http://www.loc.gov/catdir/samples/random051/2004050928.html">http://www.loc.gov/catdir/samples/random051/2004050928.html</a>
856 42 - ELECTRONIC LOCATION AND ACCESS
Materials specified Publisher description
Uniform Resource Identifier <a href="http://www.loc.gov/catdir/description/random051/2004050928.html">http://www.loc.gov/catdir/description/random051/2004050928.html</a>
906 ## - LOCAL DATA ELEMENT F, LDF (RLIN)
a 7
b cbc
c orignew
d 1
e ocip
f 20
g y-gencatlg
942 ## - ADDED ENTRY ELEMENTS (KOHA)
Source of classification or shelving scheme
Koha item type Books
Edition 1
Holdings
Withdrawn status Lost status Source of classification or shelving scheme Damaged status Not for loan Permanent location Current location Date acquired Inventory number Total Checkouts Full call number Barcode Date last seen Price effective from Koha item type
          Ken Walker International University Ken Walker International University 02/08/2021 1242   92 R-39 1242 02/08/2021 02/08/2021 Books

Powered by Koha